Drapeaux difficiles - Statistiques

Statistiques générales
  • Ce quiz a été pris 177 fois
  • Le résultat moyen est 54 sur 116
Statistiques - réponses
Par images Réponse % Correct
Angola
94%
Mayotte
90%
Kenya
88%
Ouganda
83%
Zambie
76%
Tchad
75%
Rwanda
74%
Érythrée
72%
Kosovo
72%
Bangladesh
71%
Saint-Marin
71%
Bénin
70%
Vatican
70%
Andorre
69%
Maldives
69%
Azerbaidjan
68%
Burundi
67%
Liechtenstein
67%
Palaos
67%
Seychelles
67%
Barbade
66%
Koweït
66%
Lesotho
66%
Belize
65%
Liberia
65%
Monténégro
65%
Tadjikistan
65%
Éthiopie
64%
Kirghizistan
64%
Brunei
63%
Malawi
63%
Papouasie-Nouvelle-Guinée
63%
République centrafricaine
63%
Sainte-Lucie
63%
Yémen
63%
Eswatini
62%
Soudan du Sud
62%
Timor oriental
62%
Turkménistan
62%
Vanuatu
62%
Suriname
61%
Zimbabwe
61%
Bahreïn
60%
Kiribati
60%
Nauru
60%
Tonga
60%
Dominique
59%
Libye
59%
Micronésie
59%
Samoa
59%
Afghanistan
57%
Djibouti
57%
Guatemala
57%
Hong Kong
57%
Salomon
57%
Trinité-et-Tobago
57%
Fidji
56%
Grenade
56%
Groenland
56%
Togo
56%
Guinée-Bissau
55%
Guyana
55%
Saint-Vincent-et-les-Grenadines
55%
La Réunion
52%
Gambie
51%
Antigua-et-Barbuda
50%
Gibraltar
50%
Guam
50%
Îles Marshall
49%
Bolivie
48%
Tuvalu
46%
Sao Tomé-et-Principe
45%
Saint-Christophe-et-Niévès
44%
Porto Rico
43%
îles Féroé
42%
Macao
38%
Guadeloupe
37%
île de Man
36%
Nouvelle-Calédonie
35%
Antarctique
34%
Martinique
32%
Guyane
30%
Îles Vierges des États-Unis
30%
îles Cook
28%
Irlande du Nord
26%
Jersey
25%
Guernesey
24%
Aland
23%
Polynésie française
23%
Saint-Pierre-et-Miquelon
22%
Curaçao
21%
Bermudes
19%
Niue
18%
Wallis-et-Futuna
18%
Aruba
17%
Sahara occidental
17%
Samoa américaines
17%
îles Vierges britanniques
16%
Montserrat
16%
île Christmas
15%
île Norfolk
15%
îles Cocos
13%
Tokelau
12%
Anguilla
11%
Antarctiques françaises
11%
Sainte-Hélène
11%
Saint-Martin
11%
îles Malouines
10%
Îles Turques-et-Caïques
10%
Territoire britannique de l'océan Indien
10%
îles Pitcairn
8%
Saint-Barthélemy
8%
îles Caïmans
7%
Îles Mariannes du Nord
6%
Géorgie du Sud
4%
Pays-Bas
3%
Aucun quiz correspondant
Distribution des résultats
% des personnes avec chaque résultat
Percentile par nombre de réponses
Votre historique - résultats
Vous n’avez pas pris ce quiz